Normal view
MARC view
- Authors, Urdu
Entry Topical Term
001 - CONTROL NUMBER
- control field: 2667
003 - CONTROL NUMBER IDENTIFIER
- control field: NUST
005 - DATE AND TIME OF LATEST TRANSACTION
- control field: 20170614132719.0
008 - FIXED-LENGTH DATA ELEMENTS
- fixed length control field: 170614|| aca||aabn | a|a d
040 ## - CATALOGING SOURCE
- Original cataloging agency: NUST
- Transcribing agency: NUST
150 ## - HEADING--TOPICAL TERM
- Topical term or geographic name entry element: Authors, Urdu
- Chronological subdivision: 20th century
- General subdivision: Biography.
670 ## - SOURCE DATA FOUND
- Source citation: Work cat.: (NUST)234591: Bāno Qudsiyah, 1928-2017. 1163, Mard-i abresham /, 1989.
